Statistics for Fifa 20 Top 15 Liga NOS Players

Click here to take the quiz!

General Stats

  • This quiz has been taken 123 times
  • The average score is 12 of 15

Answer Stats

PositionNationRatingClubPlayer% Correct
CAMPortugal85SportingBruno Fernandes
98%
GKSpain83PortoIker Casillas
94%
CBPortugal84PortoPepe
94%
RMPortugal84BenficaPizzi
90%
LBBrazil84PortoAlex Telles
89%
LBSpain83BenficaGrimaldo
86%
RMMexico81PortoJesus Corona
84%
CDMPortugal83PortoDanilo Pereira
83%
LMPortugal82BenficaRafa
83%
CBUruguay82SportingSebastian Coates
83%
CBFrance81SportingJeremy Mathieu
82%
LWArgentina81SportingMarcos Acuna
79%
RBPortugal81BenficaAndre Almeida
69%
GKItaly82SportingEmiliano Viviano
68%
CBBrazil81BenficaJardel
62%

Score Distribution

Percentile by Number Answered

Percent of People with Each Score

Your Score History

You have not taken this quiz